| 000 | 00616nam a2200169 a 4500 | ||
|---|---|---|---|
| 005 | 20220909063549.0 | ||
| 008 | 991125s1994 mx 000 0 spa u | ||
| 035 | _aUPN01000057330 | ||
| 049 | _aCG | ||
| 050 | 4 |
_aHF1733 M6 _bM4.8 |
|
| 110 | 1 |
_aMéxico. _bSecretaría de Comercio y Fomento Industrial _929225 |
|
| 245 | 1 | 0 |
_aTratado de Libre Comercio en América del Norte : _binforme presupuestal / _cSecretaría de Comercio y Fomento Industrial. |
| 260 |
_aMéxico : _bSECOFI, _c1994. |
||
| 300 | _a87 p. | ||
| 630 | 0 | 4 |
_aTratado de libre comercio entre México, Estados Unidos y Canadá _d(1994) _92531 |
| 905 | _aLibro | ||
| 999 |
_c57330 _d57330 |
||